Central Library OPAC University of Rajshahi

Quantitative methods for business / (Record no. 59060)

MARC details
000 -LEADER
fixed length control field 01243nam a2200313 a 4500
001 - CONTROL NUMBER
control field 59060
003 - CONTROL NUMBER IDENTIFIER
rucl marc code BD-RjUL
005 - DATE AND TIME OF LATEST TRANSACTION
control field 20211209080705.0
008 - FIXED-LENGTH DATA ELEMENTS--GENERAL INFORMATION
fixed length control field 161220s1989 mnua b 001 0 eng
020 ## - INTERNATIONAL STANDARD BOOK NUMBER
International Standard Book Number 0314469354
035 ## - SYSTEM CONTROL NUMBER
System control number (BD-RjUL)59184
040 ## - CATALOGING SOURCE
Original cataloging agency DLC
Transcribing agency DLC
Modifying agency DLC
Language of cataloging eng
041 ## - LANGUAGE CODE
Language code of text/sound track or separate title eng
082 00 - DEWEY DECIMAL CLASSIFICATION NUMBER
Classification number 658.4033
Edition number 19
Author mark and year ANQ 1989
100 1# - MAIN ENTRY--PERSONAL NAME
Personal name Anderson, David R.
Fuller form of name (David Ray),
Dates associated with a name 1941-
9 (RLIN) 175649
245 10 - TITLE STATEMENT
Title Quantitative methods for business /
Statement of responsibility, etc. David R. Anderson, Dennis J. Sweeney, Thomas A. Williams.
250 ## - EDITION STATEMENT
Edition statement 4th ed.
260 ## - PUBLICATION, DISTRIBUTION, ETC. (IMPRINT)
Place of publication, distribution, etc. St. Paul :
Name of publisher, distributor, etc. West Pub. Co.,
Date of publication, distribution, etc. c1989.
300 ## - PHYSICAL DESCRIPTION
Pagination xviii, 778 p. :
Illustrations ill. ;
Size 27 cm.
500 ## - GENERAL NOTE
General note Accompanied by software on one 3 1/2 in. computer disk for use with the IBM PS/2 and compatibles and on two 5 1/4 in. computer disks for use with the IBM PC and compatibles entitled: The management scientist. Version 1.1.
General note Includes index.
504 ## - BIBLIOGRAPHY, ETC. NOTE
Bibliography, etc Bibliography: p. 746-750.
650 #0 - SUBJECT ADDED ENTRY--TOPICAL TERM
Topical term or geographic name as entry element Management science.
9 (RLIN) 175154
700 1# - ADDED ENTRY--PERSONAL NAME
Personal name Sweeney, Dennis J.
Personal name Williams, Thomas A.
Fuller form of name (Thomas Arthur),
Dates associated with a name 1944-
Personal name Anderson, David R.
Fuller form of name (David Ray),
Dates associated with a name 1941-
942 ## - ADDED ENTRY ELEMENTS (KOHA)
Source of classification or shelving scheme Dewey Decimal Classification
Koha item type Books
Holdings
Lost status Source of classification or shelving scheme Damaged status Not for loan Collection code Permanent Location Current Location Shelving location Date acquired Total Checkouts Full call number Date last seen Copy number Koha item type
  Dewey Decimal Classification   Not For Loan Non-fiction Central Library, University of Rajshahi Central Library, University of Rajshahi Reading Room 10/01/1993   658.4033 ANQ 1989 20/12/2016 C-1 Books